Šlechtění ovoce v Holovousích = Breeding of fruits in Holovousy /

Hlavní autor: Zelený, Lubor, 1980-
Korporativní autor: Česká technologická platforma pro zemědělství
Jazyk: Čeština
Vydáno: Holovousy : Výzkumný a šlechtitelský ústav ovocnářský Holovousy s.r.o., 2019
Vydání: Vydání: první
Témata:
Fyzický popis: 118 stran : barevné ilustrace ; 30 cm
Language note: České a anglické resumé
Knihy
Uloženo v:
LEADER 02676nam a2200721 i 4500
001 nkc20193158899
003 CZ PrNK
005 20200117092951.0
007 ta
008 191112s2019 xr a e f 000 0 cze
015 |a cnb003158899 
020 |a 978-80-87030-72-1  |q (brožováno) 
035 |a (OCoLC)1140097353 
040 |a BOA001  |b cze  |e rda 
041 0 |a cze  |b cze  |b eng 
043 |a e-xr---  |b e-xr-kr  |2 czenas 
072 7 |a 634  |x Ovocnářství  |2 Konspekt  |9 24 
080 |a 634.1/.8  |2 MRF 
080 |a 634.10/.19  |2 MRF 
080 |a 634.2  |2 MRF 
080 |a 631.526  |2 MRF 
080 |a 631.52  |2 MRF 
080 |a 001.32  |2 MRF 
080 |a (437.313)  |2 MRF 
080 |a (036)  |2 MRF 
100 1 |a Zelený, Lubor,  |d 1980-  |7 mzk20191060978  |4 aut 
245 1 0 |a Šlechtění ovoce v Holovousích =  |b Breeding of fruits in Holovousy /  |c Lubor Zelený a kol. 
246 3 1 |a Breeding of fruits in Holovousy 
250 |a Vydání: první 
264 1 |a Holovousy :  |b Výzkumný a šlechtitelský ústav ovocnářský Holovousy s.r.o.,  |c 2019 
300 |a 118 stran :  |b barevné ilustrace ;  |c 30 cm 
336 |a text  |b txt  |2 rdacontent 
336 |a statický obraz  |b sti  |2 rdacontent 
337 |a bez média  |b n  |2 rdamedia 
338 |a svazek  |b nc  |2 rdacarrier 
500 |a Nad názvem: Česká technologická platforma pro zemědělství 
500 |a Souběžný anglický název z tiráže 
500 |a 200 výtisků 
504 |a Obsahuje bibliografii 
546 |a České a anglické resumé 
610 2 7 |a Výzkumný a šlechtitelský ústav ovocnářský Holovousy  |7 kn20040919006  |2 czenas 
650 0 7 |a ovocné rostliny  |7 ph184841  |2 czenas 
650 0 7 |a jádroviny  |7 ph114845  |2 czenas 
650 0 7 |a peckoviny  |7 ph156638  |2 czenas 
650 0 7 |a odrůdy rostlin  |7 ph123700  |2 czenas 
650 0 7 |a šlechtění rostlin  |7 ph127830  |2 czenas 
650 0 7 |a výzkumné ústavy  |7 ph127482  |z Česko  |2 czenas 
650 0 9 |a fruit plants  |2 eczenas 
650 0 9 |a pome fruits  |2 eczenas 
650 0 9 |a stone fruit trees  |2 eczenas 
650 0 9 |a plant varieties  |2 eczenas 
650 0 9 |a plant breeding  |2 eczenas 
650 0 9 |a research institutes  |z Czechia  |2 eczenas 
651 7 |a Holovousy (Jičín, Česko)  |7 ge129282  |2 czenas 
651 9 |a Holovousy (Jičín, Czechia)  |2 eczenas 
655 7 |a informační publikace  |7 fd132454  |2 czenas 
655 9 |a information publications  |2 eczenas 
710 2 |a Česká technologická platforma pro zemědělství  |7 ko2018980765  |4 isb 
910 2 |a BOA001  |b 4-1438.867 
990 |a BK 
995 |a 01 
991 |b 202001  |c NOV 
996 6 |b 2610807664  |c 4-1438.867  |l MZK  |r Sklad / do 1 hodiny  |n 0  |p p.v.  |w 001773526  |u 000010  |a 1  |e BOA001  |j MZK50  |s P